Central Library OPAC University of Rajshahi

The Roman stage : (Record no. 16293)

MARC details
000 -LEADER
fixed length control field 00916cam a22002771 4500
001 - CONTROL NUMBER
control field 16293
003 - CONTROL NUMBER IDENTIFIER
rucl marc code BD-RjUL
005 - DATE AND TIME OF LATEST TRANSACTION
control field 20211209000006.0
008 - FIXED-LENGTH DATA ELEMENTS--GENERAL INFORMATION
fixed length control field 140213r19681964enka 001 0 eng
035 ## - SYSTEM CONTROL NUMBER
System control number (BD-RjUL)16348
System control number (OCoLC)2846466
040 ## - CATALOGING SOURCE
Original cataloging agency DLC
Transcribing agency ArLUA
Modifying agency OCoLC
-- Uk
-- DLC
-- BD-RjUL
Language of cataloging eng
041 ## - LANGUAGE CODE
Language code of text/sound track or separate title eng
082 ## - DEWEY DECIMAL CLASSIFICATION NUMBER
Classification number 872.0937
Author mark and year BER 1968
100 1# - MAIN ENTRY--PERSONAL NAME
Personal name Beare, W.,
Dates associated with a name 1720 or 1721-1758.
Fuller form of name (William)
9 (RLIN) 50377
245 14 - TITLE STATEMENT
Title The Roman stage :
Remainder of title a short history of Latin drama in the time of the Republic /
Statement of responsibility, etc. W. Beare
250 ## - EDITION STATEMENT
Edition statement 3rd rev. ed.
260 ## - PUBLICATION, DISTRIBUTION, ETC. (IMPRINT)
Place of publication, distribution, etc. London :
Name of publisher, distributor, etc. Methuen,
Date of publication, distribution, etc. [Reprinted 1968].
300 ## - PHYSICAL DESCRIPTION
Pagination xiii, 397 p. :
Illustrations illus. ;
Size 23 cm.
504 ## - BIBLIOGRAPHY, ETC. NOTE
Bibliography, etc Includes bibliography (p. 346-352) and index.
650 #0 - SUBJECT ADDED ENTRY--TOPICAL TERM
Topical term or geographic name as entry element Latin drama
General subdivision History and criticism.
9 (RLIN) 50378
Topical term or geographic name as entry element Theater
Geographic subdivision Rome
Form subdivision Early works to 1800.
9 (RLIN) 50379
942 ## - ADDED ENTRY ELEMENTS (KOHA)
Source of classification or shelving scheme Dewey Decimal Classification
Koha item type Books
Holdings
Lost status Source of classification or shelving scheme Damaged status Not for loan Collection code Permanent Location Current Location Shelving location Date acquired Source of acquisition Cost, normal purchase price Total Checkouts Full call number Date last seen Copy number Koha item type
  Dewey Decimal Classification   Not For Loan Non-fiction Central Library, University of Rajshahi Central Library, University of Rajshahi Reading Room 04/10/1973 Provincial Book Depot. 30.00   872.0937 BER 1968 13/02/2014 C-1 Books